000 00815cam a22002657a 4500
001 12503443
005 20180222033238.0
008 010815s2000 okuaf b 001 0 eng d
010 _a 2001272244
020 _a1884735576
035 _a(OCoLC)ocm44892263
040 _aIAX
_cIAX
_dLHA
_dDLC
041 _aeng
042 _alccopycat
080 _a616.7223
082 0 0 _a616.7223 BRA
_221
100 1 _a5
101 _aKIR
245 1 0 _aDiagnosis and nonsurgical management of osteoarthritis /
_cKenneth D. Brandt.
246 3 0 _aNonsurgical management of osteoarthritis
504 _aIncludes bibliograpahical references and index.
906 _a7
_bcbc
_ccopycat
_d2
_encip
_f20
_gy-gencatlg
942 _2ddc
_cBK
999 _c43104
_d43104